000 00648nam a2200205 a 4500
001 1267
003 CO-ViMGA
008 141112s2004 ck r 000 u spa d
040 _aCO-ViMGA
_bspa
_cCO-ViMGA
082 0 4 _a621.31915 L154
100 1 _aLang, Johannes G
_949434
245 1 0 _aCorriente, tensión y resistencia /
_cJohannes G Lang
260 _aBarcelona :
_bMarcombo,
_c1990
300 _a71 p : il
490 _aEnseñanza programada, 5
505 _aCircuito práctico 9 - - Intensidad de la corriente electrica 25 - - Cálculo de R 63
650 1 4 _aCORRIENTE ELECTRICA
650 1 4 _aRESISTENCIA ELECTRICA
_949436
942 _2ddc
_cBK
999 _c13487
_d13487